000 00880nam a2200325 a 4500
003 AR-BaBNM
005 20251128205407.0
008 082120s2002 ||||||||||||||000 | spa||
020 _a84-7644-004-9
040 _cAR-BaBNM
100 1 _aCorazón, Alberto
245 0 0 _aLa evolución de un pictograma alfabético
260 _aMadrid
_bEdiciones Antonio Machado
_c1985
300 _a69 p.
490 0 _aBiblioteca Antonio Machado de obras raras y curiosas
_vv. 4
650 4 _aESCRITURA
650 4 _aALFABETOS
650 4 _aLETRAS
650 4 _aLINGÜISTICA COMPARATIVA Y DIACRONICA
650 4 _aFILOLOGIA
650 4 _aLENGUAS ESCRITAS
650 4 _aSISTEMAS DE ESCRITURA
650 4 _aORTOGRAFIA
650 4 _aSIMBOLOS
650 4 _aIMPRESION
653 _aDISEÑO GRAFICO
800 1 _aSantoja, Gonzalo
_edirector
942 _cBK
998 _cMARTIN
999 _c11239
_d11239